000 00657nam a2200217 a 4500
001 BRL_1761
005 20190320211345.0
008 280715s1991----mx-#######---#000-0#spa-#
041 _aspa
044 _amx
050 4 _aPC4834.C65
_b.R49 1991
100 1 _aReyes, Juan Carlos
_927808
245 1 0 _aTicus
_bdiccionario de colimotismos
_cJuan Carlos Reyes.
260 _aColima, Col.
_bUniversidad de Colima ; Dirección General de Culturas Populares
_c1991
300 _a206 p.
_c21 cm.
500 _aAu1972
504 _aBibliografía: p. 203-206
650 1 4 _aEspañol
_vDiccionarios
_xRegionalismos
_zColima
_927809
902 _aGRL
942 _2lcc
_cB
999 _c10569
_d10569